000 00677nam a2200241Ia 4500
003 OSt
005 20220927110352.0
006 a|||||r|||| 00| 0
007 ta
008 220926b |||||||| |||| 00| 0 eng d
024 _a34495
037 _cReports
040 _aRTL
_cRTL
_beng
041 _2eng
_aeng
082 _a"X.245r, GD"
110 _a"Himachal Pradesh, Finance (Deptt)"
_9376859
245 0 _aReview of economic conditions and development activities in H P
260 _aSimla
_bGovt Press
490 _v1967 (115p)
700 _a"Himachal Pradesh, Finance (Deptt)"
_9376860
942 _h"X.245r, GD"
_cCC
999 _c695898
_d695898